000 00413nam a2200145Ia 4500
008 230917s9999||||xx |||||||||||||| ||und||
040 _e46271
_aMAIN
041 _aEnglish
082 _a813.09 F844F
100 _aFranklin, H Bruce
245 0 _aFuture, perfect: American science fiction of the nineteenth century
260 _aNew York
_bOxford University Press
_c1970
300 _axiii, 402 p.
942 _cBK
999 _c215810
_d215810